Biblioteca y Centro de Documentación

ISBD (M) (Registro nro. 668)

Detalles MARC
000 -CABECERA
Longitud fija campo de control 01763nam a2200421 c 4500
001 - NÚMERO DE CONTROL
Número de control 668
003 - IDENTIFICADOR DE NÚMERO DE CONTROL
Identificador del número de control ES-MaCES
005 - FECHA Y HORA DE LA ÚLTIMA TRANSACCIÓN
Fecha y hora de la última transacción 20150923143702.0
008 - CAMPO FIJO DE DESCRIPCIÓN FIJA--INFORMACIÓN GENERAL
Códigos de información de longitud fija   950927s1993 sp ||| | spa d
017 ## - NÚMERO DE REGISTRO DE DERECHOS DE AUTOR Y DEPÓSITO LEGAL
Número de copyright o de depósito legal M-30331-1993
Agencia que asigna el número DL
020 ## - ISBN (INTERNATIONAL STANDARD BOOK NUMBER)
Número Internacional Normalizado para Libros (ISBN) 8488871601
020 ## - ISBN (INTERNATIONAL STANDARD BOOK NUMBER)
Número Internacional Normalizado para Libros (ISBN) 8476351372
035 ## - NÚMERO DE CONTROL DEL SISTEMA
Número de control del sistema CES19980006714m
040 ## - FUENTE DE CATALOGACIÓN
Centro catalogador de origen ES-MaCES
Lengua de catalogación spa
Centro transcriptor ES-MaCES
245 00 - MENCIÓN DE TÍTULO
Título ISBD (M)
Resto del título : descripción bibliográfica internacional normalizada para publicaciones monográficas
Mención de responsabilidad, etc. traducción y ejemplos, Pilar Benedito Castellote, M.ª Dolores del Castillo Cuervo-Arango, Amelia López Rodríguez
250 ## - MENCIÓN DE EDICIÓN
Mención de edición Ed. rev.
Resto de la mención de edición recomendada por el Comité de Revisión de las ISBD ; aprobada por el Comité Permanente de la Sección de Catalogación de la IFLA
260 ## - PUBLICACIÓN, DISTRIBUCIÓN, ETC (PIE DE IMPRENTA)
Lugar de publicación, distribución, etc. [Madrid]
Nombre del editor, distribuidor, etc. ANABAD
-- Arco/Libros
Fecha de publicación, distribución, etc. D.L. 1993
300 ## - DESCRIPCIÓN FÍSICA
Extensión XII, 100 p.
Dimensiones 24 cm
490 1# - MENCIÓN DE SERIE
Mención de serie Colección Normas
541 ## - NOTA DE LA FUENTE INMEDIANTE DE ADQUISICIÓN
Forma de adquisición Compra
650 #4 - ASIENTO SECUNDARIO DE MATERIA--TÉRMINO DE MATERIA
Término de materia o nombre geográfico como elemento inicial catalogación
9 (RLIN) 29437
650 #4 - ASIENTO SECUNDARIO DE MATERIA--TÉRMINO DE MATERIA
Término de materia o nombre geográfico como elemento inicial monografía
9 (RLIN) 28990
650 #4 - ASIENTO SECUNDARIO DE MATERIA--TÉRMINO DE MATERIA
Término de materia o nombre geográfico como elemento inicial libro
9 (RLIN) 27873
650 #4 - ASIENTO SECUNDARIO DE MATERIA--TÉRMINO DE MATERIA
Término de materia o nombre geográfico como elemento inicial normalización
9 (RLIN) 28255
650 #4 - ASIENTO SECUNDARIO DE MATERIA--TÉRMINO DE MATERIA
Término de materia o nombre geográfico como elemento inicial documentación
9 (RLIN) 28908
653 10 - TÉRMINO DE INDEXACIÓN--NO CONTROLADO
Término no controlado Biblioteconomía
650 #4 - ASIENTO SECUNDARIO DE MATERIA--TÉRMINO DE MATERIA
9 (RLIN) 28926
Término de materia o nombre geográfico como elemento inicial biblioteca
700 1# - ENCABEZAMIENTO SECUNDARIO--NOMBRE PERSONAL
Nombre de persona Benedito Castellote, Pilar
Término indicativo de función tr.
9 (RLIN) 7503
700 1# - ENCABEZAMIENTO SECUNDARIO--NOMBRE PERSONAL
Nombre de persona Castillo Cuervo-Arango, María Dolores del
Término indicativo de función tr.
9 (RLIN) 9290
700 1# - ENCABEZAMIENTO SECUNDARIO--NOMBRE PERSONAL
Nombre de persona López Rodríguez, Amelia
Término indicativo de función tr.
9 (RLIN) 16984
710 2# - ENCABEZAMIENTO SECUNDARIO--NOMBRE CORPORATIVO
Nombre de entidad o nombre de jurisdicción como elemento inicial ANABAD
Término indicativo de función ed.
9 (RLIN) 1316
710 2# - ENCABEZAMIENTO SECUNDARIO--NOMBRE CORPORATIVO
Nombre de entidad o nombre de jurisdicción como elemento inicial Federación Internacional de Asociaciones e Instituciones Bibliotecarias Documentalistas
Unidad subordinada Comité de Revisión de las ISBD
9 (RLIN) 3571
710 2# - ENCABEZAMIENTO SECUNDARIO--NOMBRE CORPORATIVO
Nombre de entidad o nombre de jurisdicción como elemento inicial Federación Internacional de Asociaciones e Instituciones Bibliotecarias
Unidad subordinada Sección de Catalogación
-- Comité Permanente
9 (RLIN) 3574
830 #0 - ENCABEZAMIENTO SECUNDARIO DE COLECCIÓN--TÍTULO UNIFORME
Título uniforme Colección Normas
9 (RLIN) 32213
902 ## - CES. TIPO DE DOCUMENTO
Tipodoc (006$c Sirtex) LIB Libro
942 ## - ELEMENTOS KOHA
Fuente de clasificaión o esquema Clasificación propia del CES
Koha [por defecto] tipo de item Monografías
Parte de clasificación 9.0.
Existencias
Número de registro Signatura completa Tipo de item de Koha
002321 DPT-10352 Monografías
© CES, Consejo Económico y Social de España 2021